[Event "Bad Wildungen Seniors op-B 1st"]
[Site "Bad Wildungen"]
[Date "2004.07.07"]
[Round "5"]
[White "Boettcher, Horst"]
[Black "Woelk, Peter"]
[Result "1/2-1/2"]
[WhiteElo "1705"]
[BlackElo "1537"]
[PlyCount "132"]
[EventDate "2004.07.03"]
[EventType "swiss"]
[EventRounds "9"]
[EventCountry "GER"]
[SourceTitle "EXT 2006"]
[Source "ChessBase"]
[SourceDate "2005.11.24"]
[SourceVersion "1"]
[SourceVersionDate "2005.11.24"]
[SourceQuality "1"]

1. d4 Nf6 2. Nf3 c5 3. e3 cxd4 4. exd4 e6 5. Bd3 Be7 6. 0-0 0-0 7. c3 d5 8. Re1 Nbd7 9. Bc2 b6 10. Nbd2 Bb7 11. Nf1 Qc7 12. Bg5 h6 13. Bh4 Bd6 14. Bg3 Bxg3 15. Nxg3 Rae8 16. Qd2 Re7 17. Nh4 Rfe8 18. h3 Ba6 19. Re3 g5 20. Nf3 e5 21. Nf5 e4 22. Nxe7+ Rxe7 23. Nh2 Nf8 24. f3 Qf4 25. Qf2 Ng6 26. Rae1 Bb7 27. Nf1 Qd6 28. Ng3 Qe6 29. fxe4 Nxe4 30. Bxe4 dxe4 31. Nf5 Rc7 32. Nxh6+ Kh7 33. Ng4 f5 34. Nh2 f4 35. Rd3 e3 36. Qe2 Kg7 37. b3 Be4 38. Rdd1 Rxc3 39. Rc1 Qc8 40. Qb2 Rxc1 41. Rxc1 Qb7 42. Ng4 Bd5 43. Qc3 Nh4 44. Qc7+ Qxc7 45. Rxc7+ Kg6 46. Rc2 Kf5 47. Kf1 Be4 48. Rb2 Bd3+ 49. Kg1 Ke4 50. d5 Kxd5 51. g3 Nf3+ 52. Kg2 e2 53. Rxe2 Bxe2 54. gxf4 Nh4+ 55. Kg3 Nf5+ 56. Kf2 Bxg4 57. hxg4 Ng7 58. fxg5 Ke4 59. Kg3 Ke5 60. Kh4 Ke6 61. Kg3 Kf7 62. Kf4 Kg6 63. a4 Ne6+ 64. Ke5 Nc5 65. Kd5 Nxb3 66. Kc4 Nd2+ 1/2-1/2

[Event "Kaiserbrunnen op 1st"]
[Site "Brakel"]
[Date "2003.10.31"]
[Round "6"]
[White "Dunkel, Horst"]
[Black "Woelk, Peter"]
[Result "1/2-1/2"]
[WhiteElo "1575"]
[BlackElo "1558"]
[PlyCount "152"]
[EventDate "2003.07.??"]
[EventType "swiss"]
[EventRounds "9"]
[EventCountry "GER"]
[SourceTitle "EXT 2006"]
[Source "ChessBase"]
[SourceDate "2005.11.24"]
[SourceVersion "1"]
[SourceVersionDate "2005.11.24"]
[SourceQuality "1"]

1. d4 Nf6 2. c4 c5 3. d5 e6 4. Nc3 exd5 5. cxd5 d6 6. e4 g6 7. Bb5+ Nfd7 8. Bf4 a6 9. Qa4 Qf6 10. Nge2 Bg7 11. 0-0 0-0 12. Bxd7 Nxd7 13. Rac1 Ne5 14. Qc2 b5 15. a3 Bb7 16. Bxe5 Qxe5 17. Ng3 Rac8 18. Qd2 Rfe8 19. Kh1 b4 20. axb4 cxb4 21. Na4 a5 22. h3 Ba6 23. Rfe1 Qd4 24. Qf4 Qe5 25. Qe3 Qd4 26. Qf4 Be5 27. Qg5 Bxg3 28. Qxg3 Rxc1 29. Rxc1 Bb5 30. b3 Bxa4 31. bxa4 Qxe4 32. Qxd6 b3 33. Qb6 Qxd5 34. Rb1 Qd2 35. Rxb3 Qf4 36. Rb1 Qxa4 37. Qd6 Qe4 38. Rb8 a4 39. Rb4 Qe1+ 40. Kh2 a3 41. Ra4 Qxf2 42. Rxa3 Qe2 43. Rf3 Qe5+ 44. Qxe5 Rxe5 45. g4 Kg7 46. Ra3 h5 47. Kg3 hxg4 48. hxg4 Kf6 49. Rf3+ Ke6 50. Ra3 g5 51. Ra6+ Ke7 52. Kf3 Rb5 53. Ra7+ Kf6 54. Ra6+ Ke5 55. Ra3 f6 56. Re3+ Kd6 57. Rd3+ Ke6 58. Re3+ Re5 59. Ra3 Kf7 60. Ra7+ Kg6 61. Ra6 Rb5 62. Ra3 Rb1 63. Kg2 Rb4 64. Kg3 Rf4 65. Ra5 Rb4 66. Ra3 Rb6 67. Rc3 f5 68. gxf5+ Kxf5 69. Rc5+ Kg6 70. Kg4 Rb4+ 71. Kg3 Kh5 72. Rc3 Rg4+ 73. Kh2 Rd4 74. Kg3 Rg4+ 75. Kh2 Rd4 76. Kg3 Rg4+ 1/2-1/2

[Event "Kaiserbrunnen op 1st"]
[Site "Brakel"]
[Date "2003.10.31"]
[Round "9"]
[White "Jakubowski, Karl"]
[Black "Woelk, Peter"]
[Result "0-1"]
[WhiteElo "1418"]
[BlackElo "1558"]
[PlyCount "92"]
[EventDate "2003.07.??"]
[EventType "swiss"]
[EventRounds "9"]
[EventCountry "GER"]
[SourceTitle "EXT 2006"]
[Source "ChessBase"]
[SourceDate "2005.11.24"]
[SourceVersion "1"]
[SourceVersionDate "2005.11.24"]
[SourceQuality "1"]

1. c4 Nf6 2. Nc3 d5 3. cxd5 Nxd5 4. b3 Nxc3 5. dxc3 Qxd1+ 6. Kxd1 g6 7. Kc2 Bf5+ 8. Kb2 Bg7 9. Bf4 Nc6 10. Rd1 Rc8 11. f3 0-0 12. e4 Be6 13. Bb5 Ne5 14. g3 c6 15. Bxe5 Bxe5 16. Be2 Rfd8 17. Rxd8+ Rxd8 18. Kc2 a5 19. f4 Bg7 20. Nf3 Bc8 21. Rd1 Rxd1 22. Bxd1 c5 23. c4 b6 24. e5 Bf5+ 25. Kb2 f6 26. Bc2 Bg4 27. Nd2 fxe5 28. fxe5 Bxe5+ 29. Kc1 Kf7 30. Ne4 h6 31. Bd1 Bf5 32. Nd2 Bd4 33. g4 Bc8 34. Kc2 Bb7 35. Bf3 Bc8 36. h3 g5 37. Bd5+ Kf6 38. Ne4+ Ke5 39. Ng3 Kf4 40. Nf1 Bd7 41. Kd3 Be8 42. Be4 e6 43. Nd2 Kg3 44. Ke2 Kxh3 45. Kf3 h5 46. gxh5 Bxh5# 0-1

[Event "Kaiserbrunnen op 1st"]
[Site "Brakel"]
[Date "2003.10.31"]
[Round "3"]
[White "Woelk, Peter"]
[Black "Gelzinnus, Siegfried"]
[Result "0-1"]
[WhiteElo "1558"]
[BlackElo "1520"]
[PlyCount "112"]
[EventDate "2003.07.??"]
[EventType "swiss"]
[EventRounds "9"]
[EventCountry "GER"]
[SourceTitle "EXT 2006"]
[Source "ChessBase"]
[SourceDate "2005.11.24"]
[SourceVersion "1"]
[SourceVersionDate "2005.11.24"]
[SourceQuality "1"]

1. d4 f5 2. Bg5 d6 3. e3 g6 4. Bc4 d5 5. Bb3 Bg7 6. c3 Nf6 7. Nf3 Nbd7 8. Nbd2 c6 9. 0-0 Ne4 10. Bf4 e6 11. Nxe4 dxe4 12. Ng5 Nf8 13. f3 h6 14. Nh3 g5 15. fxe4 gxf4 16. Qh5+ Ke7 17. Rxf4 Qe8 18. Qd1 Ng6 19. Rf2 fxe4 20. Qh5 Kd6 21. Qc5+ Kc7 22. Raf1 Bd7 23. Bc2 Bf8 24. Qa5+ b6 25. Qa6 e5 26. Rf7 Be7 27. Bxe4 Rg8 28. Bxg6 Rxg6 29. Kh1 Rxg2 30. Kxg2 Qg8+ 31. Kh1 Bxh3 32. Qe2 Bxf1 33. Qxf1 Rf8 34. Rxf8 Qxf8 35. Qh3 exd4 36. exd4 Bg5 37. Qg3+ Qf4 38. Qd3 Qc1+ 39. Kg2 Qd2+ 40. Qxd2 Bxd2 41. c4 Kd6 42. Kf3 b5 43. b3 h5 44. Kg3 Bg5 45. Kf3 b4 46. h3 c5 47. d5 Ke5 48. Kg3 Be7 49. Kf3 Kf5 50. Ke3 Bg5+ 51. Kd3 Bf4 52. Ke2 Ke4 53. Kf2 h4 54. Ke2 Bg3 55. Kd2 Kf3 56. Kd3 Bd6 0-1

[Event "GER Cup Amateur GrC 1st"]
[Site "Voelklingen"]
[Date "2000.10.12"]
[Round "7"]
[White "Ragg, Wolfgang"]
[Black "Woelk, Peter"]
[Result "1/2-1/2"]
[WhiteElo "1695"]
[BlackElo "1516"]
[PlyCount "82"]
[EventDate "2000.10.??"]
[EventType "swiss"]
[EventRounds "9"]
[EventCountry "GER"]
[SourceTitle "EXT 2004"]
[Source "ChessBase"]
[SourceDate "2003.11.25"]
[SourceVersion "1"]
[SourceVersionDate "2003.11.25"]
[SourceQuality "1"]

1. e4 Nf6 2. e5 Nd5 3. d4 d6 4. Bc4 e6 5. Nf3 Be7 6. 0-0 0-0 7. Bb3 dxe5 8. dxe5 c5 9. Qe2 Qc7 10. c4 Nb6 11. Nc3 Bd7 12. Bf4 Bc6 13. Qe3 N8d7 14. Rfe1 Rfd8 15. Ne4 Rac8 16. Bg5 Nf8 17. Bxe7 Qxe7 18. Nd6 Rc7 19. Rad1 Nc8 20. Ne4 b6 21. Bc2 Rcd7 22. Rxd7 Rxd7 23. Qf4 Bxe4 24. Qxe4 Rd8 25. Qg4 Qd7 26. h3 Qe7 27. Qh5 h6 28. Re4 f5 29. exf6 Qxf6 30. Qe5 Qxe5 31. Rxe5 Kf7 32. Kf1 Ne7 33. Re4 Nc6 34. Ne5+ Nxe5 35. Rxe5 Kf6 36. Re3 g5 37. Rd3 Rxd3 38. Bxd3 Ke5 39. Ke1 Kd4 40. Kd2 Nd7 41. Be2 e5 1/2-1/2

[Event "GER Cup Amateur GrC 1st"]
[Site "Voelklingen"]
[Date "2000.10.10"]
[Round "5"]
[White "Woelk, Peter"]
[Black "Bruene, Gerhard"]
[Result "1/2-1/2"]
[WhiteElo "1516"]
[BlackElo "1345"]
[PlyCount "37"]
[EventDate "2000.10.??"]
[EventType "swiss"]
[EventRounds "9"]
[EventCountry "GER"]
[SourceTitle "EXT 2004"]
[Source "ChessBase"]
[SourceDate "2003.11.25"]
[SourceVersion "1"]
[SourceVersionDate "2003.11.25"]
[SourceQuality "1"]

1. d4 d5 2. Nf3 Nf6 3. e3 e6 4. Bd3 Nbd7 5. c3 c5 6. Nbd2 b6 7. e4 dxe4 8. Nxe4 Bb7 9. Qe2 Be7 10. 0-0 0-0 11. Bg5 h6 12. Bh4 Re8 13. Rad1 Nxe4 14. Bxe7 Qxe7 15. Bxe4 Bxe4 16. Qxe4 Nf6 17. Qe2 cxd4 18. cxd4 Red8 19. Rd2 1/2-1/2

[Event "GER Cup Amateur GrC 1st"]
[Site "Voelklingen"]
[Date "2000.10.09"]
[Round "4"]
[White "Woelk, Peter"]
[Black "Cara, Bogdan"]
[Result "1-0"]
[WhiteElo "1516"]
[BlackElo "1331"]
[PlyCount "109"]
[EventDate "2000.10.??"]
[EventType "swiss"]
[EventRounds "9"]
[EventCountry "GER"]
[SourceTitle "EXT 2004"]
[Source "ChessBase"]
[SourceDate "2003.11.25"]
[SourceVersion "1"]
[SourceVersionDate "2003.11.25"]
[SourceQuality "1"]

1. d4 e6 2. Nf3 d5 3. e3 c5 4. c3 Nc6 5. Nbd2 cxd4 6. exd4 Bd6 7. Bd3 f5 8. 0-0 Nf6 9. Re1 0-0 10. Ne5 Qc7 11. Ndf3 Nd7 12. Qe2 Ndxe5 13. Nxe5 Nxe5 14. dxe5 Bc5 15. Bf4 Kh8 16. Rac1 Rg8 17. b4 Be7 18. h3 g5 19. Bh2 Bd7 20. Bxf5 exf5 21. e6 Bd6 22. Bxd6 Qxd6 23. exd7 Qxd7 24. Qe5+ Rg7 25. Re2 h6 26. Rd1 Rd8 27. Red2 Qf7 28. Rxd5 Rxd5 29. Qxd5 Qxd5 30. Rxd5 f4 31. Kf1 Rc7 32. Rd3 Re7 33. a3 Kg7 34. c4 Kf8 35. c5 Kf7 36. Rc3 Re6 37. b5 Ke7 38. Rc4 Kd7 39. a4 Re5 40. f3 Kd8 41. Kf2 Kd7 42. Rc2 a5 43. Rc3 Kc7 44. Rc4 Kd7 45. c6+ Kc7 46. b6+ Kc8 47. c7 Re8 48. Rd4 Rf8 49. Rd6 Rh8 50. g3 fxg3+ 51. Kxg3 h5 52. Rg6 Kd7 53. h4 g4 54. fxg4 hxg4 55. Kxg4 1-0

[Event "Saarlouis op 3rd"]
[Site "Saarlouis"]
[Date "2000.06.03"]
[Round "8"]
[White "Woelk, Peter"]
[Black "Reichardt, Hans"]
[Result "1-0"]
[WhiteElo "1876"]
[BlackElo "1656"]
[PlyCount "149"]
[EventDate "2000.05.27"]
[EventType "swiss"]
[EventRounds "9"]
[EventCountry "GER"]
[SourceTitle "EXT 2006"]
[Source "ChessBase"]
[SourceDate "2005.11.24"]
[SourceVersion "1"]
[SourceVersionDate "2005.11.24"]
[SourceQuality "1"]

1. d4 Nf6 2. Nf3 d6 3. e3 g6 4. Nbd2 Bg7 5. Be2 0-0 6. 0-0 Nc6 7. b3 Re8 8. Bb2 e5 9. dxe5 dxe5 10. Nc4 Qxd1 11. Rfxd1 Ng4 12. Rd2 b5 13. Na3 a6 14. Rad1 f5 15. h3 Nf6 16. c3 Ne4 17. Rc2 Bf6 18. Nb1 Be6 19. Nbd2 Nc5 20. Nf1 Rab8 21. Rcd2 a5 22. Ba1 a4 23. b4 Ne4 24. Rc2 Nd6 25. N1d2 Kf7 26. a3 Red8 27. Rdc1 Bd5 28. c4 Bxf3 29. gxf3 Na7 30. cxb5 Naxb5 31. Nc4 Rd7 32. Nxe5+ Bxe5 33. Bxe5 Nxa3 34. Ra2 Nab5 35. Rxa4 Ke6 36. Bg3 Rb6 37. Bd1 Ke7 38. Kg2 c6 39. Ra2 Na7 40. Rb2 Rdb7 41. Rd2 Ne8 42. Ba4 Rxb4 43. Bxc6 Nxc6 44. Rxc6 R4b6 45. Rdc2 Rxc6 46. Rxc6 Kf7 47. Be5 Re7 48. Bf4 Nf6 49. Bg5 Re6 50. Rc7+ Re7 51. Rxe7+ Kxe7 52. Kg3 Ke6 53. Kh4 Ng8 54. Kg3 Nf6 55. Kh4 Ng8 56. f4 Kd7 57. Kg3 Ke6 58. Bd8 Nf6 59. Bxf6 Kxf6 60. h4 h6 61. f3 Ke6 62. e4 fxe4 63. fxe4 Kf6 64. Kg4 h5+ 65. Kf3 Ke6 66. Ke3 Kd6 67. Kd4 Ke6 68. Kc5 Ke7 69. Kd5 Kf6 70. Kd6 Kf7 71. Kd7 Kf6 72. Kd6 Kf7 73. e5 Kg7 74. e6 Kf6 75. Kd7 1-0

[Event "Bad Harzburg op 1st"]
[Site "Bad Harzburg"]
[Date "1999.11.26"]
[Round "4"]
[White "Wegan, Barbara"]
[Black "Woelk, Peter"]
[Result "1-0"]
[WhiteElo "1802"]
[BlackElo "1549"]
[PlyCount "83"]
[EventDate "1999.11.24"]
[EventType "swiss"]
[EventRounds "7"]
[EventCountry "GER"]
[SourceTitle "EXT 2023"]
[Source "ChessBase"]
[SourceDate "2022.10.05"]
[SourceVersion "1"]
[SourceVersionDate "2022.10.05"]
[SourceQuality "1"]

1. e4 c5 2. Nf3 Nc6 3. d4 cxd4 4. Nxd4 g6 5. Be2 Bg7 6. Nxc6 bxc6 7. 0-0 Nf6 8. Nd2 0-0 9. Rb1 Rb8 10. b3 Qc7 11. Bb2 d6 12. f4 Ne8 13. Kh1 Bxb2 14. Rxb2 Nf6 15. c4 c5 16. g4 Bb7 17. Bf3 Kg7 18. Qe2 e6 19. Nb1 Bc6 20. Nc3 Rfe8 21. Rd2 Rbd8 22. Rfd1 Re7 23. e5 Ne8 24. Bxc6 Qxc6+ 25. Qe4 Qb6 26. exd6 Red7 27. Qe5+ Kg8 28. Ne4 Qb7 29. Kg1 Qb8 30. Qxc5 Rc8 31. Qe5 Qb4 32. c5 Qb5 33. Rc1 Qc6 34. b4 Qb5 35. a3 a6 36. Rc3 Qc6 37. h4 Qb5 38. h5 Qc6 39. hxg6 hxg6 40. Rh2 f6 41. Qxe6+ Kg7 42. Rch3 1-0